| 000 | 00571nam a2200205Ia 4500 | ||
|---|---|---|---|
| 005 | 20260429112007.0 | ||
| 008 | 260429s9999||||xx |||||||||||||| ||und|| | ||
| 020 | _a9781835350423 | ||
| 041 | _aEnglish | ||
| 082 |
_a910.285 _bCOM |
||
| 100 | _aCombe, C. | ||
| 245 | 0 |
_aStudy of remote sensing and geographic information systems / _cC. Combe |
|
| 260 |
_aUnited Kingdom : _bEd-Tech Press, _c2025. |
||
| 300 | _avii, 322 p.; hb | ||
| 650 | _a Geographical Information Systems | ||
| 650 | _a GIS | ||
| 650 | _a Remote sensing | ||
| 650 | _aGeography | ||
| 942 | _cTB | ||
| 999 |
_c51796 _d51796 |
||